Dinosaur fright / (Record no. 103071)
[ view plain ]
| 000 -LEADER | |
|---|---|
| fixed length control field | 00655nam a2200181 a 4500 |
| 005 - DATE AND TIME OF LATEST TRANSACTION | |
| control field | 20140412111249.0 |
| 008 - FIXED-LENGTH DATA ELEMENTS--GENERAL INFORMATION | |
| fixed length control field | 020515s19uu xx 00 eng d |
| 020 ## - INTERNATIONAL STANDARD BOOK NUMBER | |
| International Standard Book Number | 0-09-923681-8 |
| 050 ## - LIBRARY OF CONGRESS CALL NUMBER | |
| Classification number | ER |
| Item number | Di61 1992 |
| 100 ## - MAIN ENTRY--PERSONAL NAME | |
| Personal name | Threadgall, Colin |
| 245 ## - TITLE STATEMENT | |
| Title | Dinosaur fright / |
| Statement of responsibility, etc | by Colin Threadgall. |
| 260 ## - PUBLICATION, DISTRIBUTION, ETC. (IMPRINT) | |
| Place of publication, distribution, etc | London : |
| Name of publisher, distributor, etc | Red Fox, |
| Date of publication, distribution, etc | 1992. |
| 300 ## - PHYSICAL DESCRIPTION | |
| Extent | 1 v. (unp.) ; ill. |
| 520 ## - SUMMARY, ETC. | |
| Summary, etc | 'a dinosaur stoyr which also provides some simple information such as names, relative size and accurate drawings...a useful introduction to a popular subject' |
| 650 ## - SUBJECT ADDED ENTRY--TOPICAL TERM | |
| Topical term or geographic name as entry element | Dinosaurs |
| General subdivision | Juvenile literature |
| 650 ## - SUBJECT ADDED ENTRY--TOPICAL TERM | |
| Topical term or geographic name as entry element | Animals |
| General subdivision | Juvenile literature |
| Withdrawn status | Lost status | Damaged status | Home library | Current library | Shelving location | Date acquired | Source of acquisition | Total Checkouts | Full call number | Barcode | Date last seen | Price effective from | Koha item type |
|---|---|---|---|---|---|---|---|---|---|---|---|---|---|
| Elizalde Library | Elizalde Library | Easy Reading Section | 05/15/2002 | ER Di61 1992 | E3802 | 04/12/2014 | 04/12/2014 | Books |